LEADER 02324njm a2200613 a 4500
001 000292462
003 CZ BrMZK
005 20060111070728.0
008 010907s1994 xr f cze d
028 0 3 |a 010240-2 331  |b Monitor EMI 
040 |a BOA001  |b cze 
080 |a 784.4."199"(086.7)  |2 MRF 
245 0 0 |a Heroe hit mix.  |n vol. 1 :  |b Hrochovy hity  |h [zvukový záznam] : (znovu) 
246 3 3 |a Heroe 
246 3 3 |a Jsme sami doma 
246 3 3 |a Léto měsíců 
246 3 3 |a Mastroianni 
246 3 3 |a Mám na tvý IQ dvojí lék 
246 3 3 |a No money 
246 3 3 |a Praha plná keců 
246 3 3 |a Proklínám 
246 3 3 |a Requiem pro panenku 
246 3 3 |a Souměrná 
246 3 3 |a Tržní démon 
246 3 3 |a Čas 
246 3 3 |a Banánová zábava 
246 3 3 |a Chvíli můj a chvíli svůj 
260 |a Praha :  |b Monitor-EMI,  |c p1994 
300 |a 1 CD ;  |c 12 cm +  |e 1 list. 
500 |a Nahr. neuv 
500 |a Durata neuv 
505 2 |a Banánová zábava, Tržní démon, No money ... fet al.] 
511 0 |a Jiří Korn, zpěv; Lucie Bílá, zpěv; Janek Ledecký, zpěv ... [et al.]. Yo Yo Band; J.A.R.; Shalom ... [et al.] 
653 0 |a populární hudba  |a populární písně 
700 1 |a Rottrová, Marie,  |d 1941-  |7 jn19990209724  |4 prf 
700 1 |a Čok, Vilém,  |d 1961-  |7 jn99240001703  |4 prf 
700 0 |a Mr. Mix  |4 prf 
700 1 |a Feriová, Jana,  |d 1963-  |7 xx0075876  |4 prf 
700 1 |a Basiková, Bára,  |d 1963-  |7 jn19990201015  |4 prf 
700 1 |a Bílá, Lucie,  |d 1966-  |7 jn19990209056  |4 prf 
700 1 |a Finková, Linda,  |d 1968-  |7 xx0031449  |4 prf 
700 1 |a Korn, Jiří,  |d 1949-  |7 jn19990209388  |4 prf 
700 1 |a Ledecký, Janek,  |d 1962-  |7 jn19990009912  |4 prf 
710 2 |a Oceán (hudební skupina)  |7 xx0027066  |4 prf 
710 2 |a Rapmasters (hudební skupina)  |7 ko2003206647  |4 prf 
710 2 |a Rave Model (hudební skupina)  |7 ko2003206651 
710 2 |a Shalom (hudební skupina)  |7 ko2003174470  |4 prf 
710 2 |a Yo Yo Band  |7 kn20010710415  |4 prf 
710 2 |a Žentour (hudební skupina)  |7 ko2002102416  |4 prf 
710 2 |a J.A.R. (hudební skupina)  |7 ko2002149169  |4 prf 
910 |a BOA001  |b CD-0001.282,1 
964 |a Hudba populární  |z stol.20.,léta 90.  |x CD 
990 |a AV 
996 6 |b 261H003416  |c CD-0001.282,1  |l MZK  |r Sklad / do 24 hodin  |n 0  |w 000292462  |u 000010  |a 1  |e BOA001  |j MZK50  |s P